Recursive macroeconomic theory
Guardado en:
| Autor principal: | |
|---|---|
| Otros Autores: | |
| Formato: | Libro |
| Lenguaje: | inglés |
| Publicado: |
Cambridge
The MIT Press
2012
|
| Edición: | 3rd ed. |
| Colección: | Social sciences
|
| Materias: | |
| Etiquetas: |
Sin Etiquetas, Sea el primero en etiquetar este registro!
|
MARC
| LEADER | 00000nam a2200000 4500 | ||
|---|---|---|---|
| 001 | 0178272 | ||
| 005 | 20240306140422.2 | ||
| 020 | |a 978-0-262-01874-6 | ||
| 041 | 0 | |a eng | |
| 044 | |a US | ||
| 245 | 1 | 0 | |a Recursive macroeconomic theory |c Lars Ljungqvist, Thomas J. Sargent |
| 250 | |a 3rd ed. | ||
| 264 | 1 | |a Cambridge |b The MIT Press |c 2012 | |
| 300 | |a xxxvi, 1321 s. | ||
| 490 | 1 | |a Social sciences | |
| 830 | 0 | |a Social sciences | |
| 610 | 2 | 0 | |a makroekonomika |
| 610 | 2 | 0 | |a rady časové |
| 610 | 2 | 0 | |a programovanie dynamické |
| 610 | 2 | 0 | |a programovanie lineárne |
| 610 | 2 | 0 | |a programovanie kvadratické |
| 610 | 2 | 0 | |a rovnováha |
| 610 | 2 | 0 | |a politika fiškálna |
| 610 | 2 | 0 | |a modely rastu |
| 610 | 2 | 0 | |a oceňovanie |
| 610 | 2 | 0 | |a majetok |
| 610 | 2 | 0 | |a rast hospodársky |
| 610 | 2 | 0 | |a poistenie |
| 610 | 2 | 0 | |a modely trhu |
| 610 | 2 | 0 | |a inflácia |
| 100 | 1 | |a Ljungqvist, Lars | |
| 700 | 1 | |a Sargent, Thomas J. | |